| 000 -LEADER |
| fixed length control field |
01303nam a22001457a 4500 |
| 008 - FIXED-LENGTH DATA ELEMENTS--GENERAL INFORMATION |
| fixed length control field |
250822b ||||| |||| 00| 0 eng d |
| 100 ## - MAIN ENTRY--PERSONAL NAME |
| Personal name |
Roy, Debarshi |
| 245 ## - TITLE STATEMENT |
| Title |
Entrepreneurship-driven Migratory behaviour among the tea estate workers in West Bengal: An exploratory study |
| 260 ## - PUBLICATION, DISTRIBUTION, ETC. (IMPRINT) |
| Place of publication, distribution, etc |
Vikalpa: The Journal for Decision Maker |
| 300 ## - PHYSICAL DESCRIPTION |
| Extent |
50(2), Apr-Jun, 2025: p.111-122 |
| 520 ## - SUMMARY, ETC. |
| Summary, etc |
The tea estate workers of West Bengal have been victims of colonial oppression for generations. The experiences of the workers with oppressive business cultures have resulted in unique complexities within their behaviour. Migratory entrepreneurship will augur socio-economic growth among the tea estate communities while enhancing the efficiency of the tea estates. The present study explores the behavioural dimensions of migratory entrepreneurship among the tea estate workers of Bengal through a multi-dimensional approach which includes a discussion on the historical, socio-economic perspective, a field study on perceptions of migratory entrepreneurship among the garden community and a subsequent analysis of the results. - Reproduced |
| 650 ## - SUBJECT ADDED ENTRY--TOPICAL TERM |
| Topical term or geographic name as entry element |
Migration, Entrepreneurship, Behaviour, Tea estates, Decision problem |
| 9 (RLIN) |
56261 |
| 942 ## - ADDED ENTRY ELEMENTS (KOHA) |
| Item type |
Articles |